Fullmetal Alchemist Kanzenban Vol. 4 (Registro nro. 13632)
[ vista simple ]
| 000 -Cabecera | |
|---|---|
| Campo de control de longitud fija | 00502nam a22002057a 4500 |
| 005 - Fecha y hora de la última transacción | |
| Campo de control | 20240215122642.0 |
| 008 - Elementos de longitud fija--Información general | |
| Campo de control de longitud fija | 240215b2023 |||||||| |||| 00| 0 spa d |
| 020 ## - International Standard Book Number | |
| Número Internacional Estándar del Libro (ISBN) | 9788467913163 |
| 041 ## - Idioma | |
| Código de idioma | Español |
| 082 ## - Clasificación Decimal Dewey | |
| Número de clasificación | 741.595.2 A659f4 |
| 100 ## - Entrada principal--Autor personal | |
| Nombre personal | Arakawa, Hiromu |
| 245 ## - Título propiamente dicho | |
| Título | Fullmetal Alchemist Kanzenban Vol. 4 |
| 260 ## - Pie de imprenta | |
| Lugar de publicación, distribución, etc. | España |
| 260 ## - Pie de imprenta | |
| Nombre del editor, distribuidor, etc. | Norma Editorial |
| 260 ## - Pie de imprenta | |
| Fecha de publicación, distribución, etc. | 2023 |
| 300 ## - Descripción física | |
| Extensión | 246 páginas |
| 650 ## - Materia general | |
| Temática (materia general) | NOVELA GRÁFICA |
| 650 ## - Materia general | |
| Temática (materia general) | CÓMICS JAPONESES |
| 942 ## - Punto de acceso adicional KOHA | |
| Fuente del sistema de clasificación o colocación | Dewey Decimal Classification |
| Tipo de ítem KOHA | Literatura |
| Signatura completa | Código de barras | Tipo de ítem |
|---|---|---|
| 741.595.2 A659f4 | 25871 | Literatura |